Countries Closest to Pakistan by Name Length - Statistics

General Stats
  • This quiz has been taken 215 times
  • The average score is 5 of 10
Answer Stats
Letters Country % Correct
4 Iran
96%
5 India
84%
5 China
82%
11 Afghanistan
68%
10 Tajikistan
46%
12 Turkmenistan
46%
6 Kuwait
31%
8 Mongolia
24%
7 Bahrain
21%
9 Palestine
11%
No matching quizzes found
Score Distribution
Percent of People with Each Score
Percentile by Number Answered
Your Score History
You have not taken this quiz